| 000 | 01025nam0a2200301 4500 | ||
|---|---|---|---|
| 001 | RU\NLR\bibl\66270 | ||
| 005 | 20250616093357.0 | ||
| 010 |
_a5-86290-342-9 _bВнешсигма |
||
| 010 |
_a5-237-02971-X _bАст _910000 |
||
| 021 |
_aRU _b1999-44811 _92208 |
||
| 035 | _a(NLR Aleph) 000064647 | ||
| 090 |
_a353866 _c353866 |
||
| 100 | _a20000111d1999 |||y0rusy50 ca | ||
| 101 | 1 | _arus | |
| 102 | _aRU | ||
| 105 | _aa ||||||||| | ||
| 200 | 1 |
_aСервировка праздничного стола _f[Пер. : Карпова Е.] |
|
| 210 |
_aМ. _cВнешсигма _aНазрань _cАСТ _d1999 |
||
| 215 |
_a111 с. _cцв. ил. _d27 |
||
| 225 | 1 | _aЭнциклопедия современной женщины | |
| 606 | 0 |
_aСервировка стола _91628129 _3RU\NLR\auth\661017238 |
|
| 686 | _aЛ995 | ||
| 801 | 0 |
_aRU _bNLR _c20000111 _gPSBO |
|
| 801 | 1 |
_aRU _bNLR _c20000111 |
|
| 852 |
_aNLR _j99-7/2668 |
||
| 942 | _cBOOK | ||
| 980 | _aNB | ||